Kraję, w których mówi się po hiszpańsku - Statystyki

Ogólne statystyki
  • Ten quiz został rozwiązany 380 razy
  • Średni wynik to 11 z 15
Statystyki odpowiedzi
Populacja Kraj % Poprawnych
44 700 000 Hiszpania
99%
39 248 000 Argentyna
92%
107 449 525 Meksyk
89%
15 795 000 Chile
85%
45 600 000 Kolumbia
83%
27 191 000 Peru
80%
26 021 000 Wenezuela
75%
7 010 000 Boliwia
73%
10 946 000 Ekwador
72%
11 285 000 Kuba
68%
8 850 000 Dominikana
52%
7 267 000 Honduras
49%
14 325 000 Gwatemala
48%
6 859 000 Salwador
45%
5 503 000 Nikaragua
43%
Nie znaleziono quizów pasujących do podanych kryteriów
Rozkład punktacji
Procent ludzi z każdym wynikiem
Percentyl według liczby udzielonych odpowiedzi
Twoja historia wyników
Nie rozwiązałeś tego quizu